Statistiques concernant Trouve Le Pays Nommé Par Une Image #1

Cliquez ici pour prendre le quiz!

Statistiques générales

  • Ce quiz a été pris 118 fois
  • Le résultat moyen est 22 sur 28

Statistiques - réponses

QuestionTuileSelect% Correct
La RussieNon
98%
Le Royaume-UniNon
97%
Le Royaume-UniOui
97%
Le Royaume-UniNon
97%
La RussieNon
96%
Le BrésilNon
95%
Le Royaume-UniNon
95%
Le CanadaNon
93%
La FranceNon
92%
Le CanadaNon
92%
La RussieNon
91%
La FranceNon
91%
La RussieOui
91%
Le MaliNon
90%
Le MaliNon
89%
La FranceNon
89%
La FranceOui
88%
Le BrésilNon
86%
L'ItalieNon
85%
L'ItalieNon
83%
Le BrésilNon
77%
Le BrésilOui
75%
Le CanadaOui
73%
Le CanadaNon
73%
L'ItalieNon
57%
L'ItalieOui
39%
Le MaliNon
17%
Le MaliOui
1%

Distribution des résultats

Percentile par nombre de réponses

% des personnes avec chaque résultat

Votre développement - résultats

Vous n’avez pas pris ce quiz